El Discurso sobre los jóvenes: algunas aproximaciones desde la perspectiva generacional /
محفوظ في:
| المؤلف الرئيسي: | |
|---|---|
| مؤلفون آخرون: | |
| التنسيق: | نص |
| منشور في: |
Managua:
Centro de Derechos Constitucionales. CDC
|
| الموضوعات: | |
| الوسوم: |
إضافة وسم
لا توجد وسوم, كن أول من يضع وسما على هذه التسجيلة!
|
MARC
| LEADER | 00000 a a2200000 04500 | ||
|---|---|---|---|
| 001 | 30374 | ||
| 003 | |||
| 040 | |||
| 020 | |a 99924-58-01-1 | ||
| 090 | |a 194800 | ||
| 100 | |a Agudelo Builes, Irene | ||
| 245 | |a El Discurso sobre los jóvenes: algunas aproximaciones desde la perspectiva generacional / |c Irene Agudelo Builes | ||
| 260 | |a Managua: |b Centro de Derechos Constitucionales. CDC | ||
| 300 | |a 71 p. |b il. | ||
| 650 | |a JUVENTUD | ||
| 650 | |a ADOLESCENCIA | ||
| 650 | |a EDUCACION | ||
| 650 | |a TRABAJADORES JOVENES | ||
| 650 | |a PARTICIPACION SOCIAL | ||
| 650 | |a ESTADISTICAS SOCIALES | ||
| 700 | |a Miranda Miranda, Nelly | ||
| 999 | |c 17229 |d 17229 | ||



